000 00753nam a2200253Ia 4500
003 OSt
005 20220918201325.0
006 a|||||r|||| 00| 0
007 ta
008 220917b |||||||| |||| 00| 0 eng d
024 _a93,125
037 _cTextual
040 _aARTS
_cARTS
_beng
041 _2eng
_aeng
082 _aV1:5.N8, M6
100 _aDillowa James
_998125
245 0 _aIs world order evolving
_b An adventure in to human potential
260 _aOxford
_bPergamon Press
_c1986
300 _axiii, 261p.
_ccm.
490 _aSystem science and world war library exploration of world order
650 _aHUMAN RIGHTS; HISTORY
_94816
942 _hV1:5.N8, M6
_cTEXL
_2CC
999 _c216773
_d216773